| 000 | 00480nam a2200169Ia 4500 | ||
|---|---|---|---|
| 999 |
_c29077 _d29077 |
||
| 003 | OSt | ||
| 005 | 20201231105945.0 | ||
| 008 | 190216s9999||||xx |||||||||||||| ||und|| | ||
| 040 | _coclc | ||
| 082 |
_a894.812301 _bRAJ/A |
||
| 100 |
_aRajesh, N B _96970 |
||
| 245 | 0 |
_aAandavan Paathalam / _cN B Rajesh |
|
| 260 |
_bLipi Publications, _aKozhikode: _c2003. |
||
| 300 | _a48p | ||
| 650 | _aKathakal | ||
| 942 |
_cBK _2ddc _h894.812301 _iRAJ/A _k894.812301 _mRAJ/A |
||